00822nam a2200241 a 4500001001000000003000900010005001700019007000300036008004100039040003000080082002400110100003400134245007800168264004500246300004500291336002700336337003400363338002800397500006400425650002400489650002700513700004000540000012203DO-SdBNP20240826125436.0ta091106s1999 dr a 000 j spa d aDO-SdBNPbspacBNPHUerda 4aRD863.44bG643c2221 aGonzález, Geraldino,d1957-10aCuentos cortos /cGeraldino González ; presentación Cosette Bonnelly. aSanto Domingo :bEl Nuevo Diario,c1999. a71 páginas :bilustraciones ;c21 cm. 2rdaconten.atextobtxt 2rdamediaasin mediación bn 2rdacarrieravolumenbnc aIncluye datos biográficos del autor en la contracubierta. 0aCuentos dominicanos 0aLiteratura dominicana.1 aBonnelly, Cosette, epresentación